000 01327nam0a2200313 4500
001 RU\NLR\BIBL_A\011664401
005 20180410114631.0
021 _aRU
_bКН-П-18-013401
_9КН-П-18-0965
035 _a(NLR Aleph) 011664401
035 _a(RuMoRGB)009552993
090 _a11199724
_c11199724
100 _a20180323d2016 k y0rusy50 ca
101 0 _arus
102 _aRU
105 _aac z 000zy
200 1 _aМиннефтегазстрой СССР в лицах
_fВ. Г. Чирсков
210 _aМосква
_c[б. и.]
_d2016
215 _a382, [1] с.
_cил., цв. ил., портр.
_d27
601 0 1 _aСССР
_bМинистерство строительства предприятий нефтяной и газовой промышленности
_2nlr_sh2
_3RU\NLR\AUTH\6601632825
686 _aУ03(2)703.153.056.620-643.4,0
_2rubbk
686 1 _aУ31(2)530.565.2-212.113
686 1 _aУ31(2)530.565.2-640
700 1 _aЧирсков
_bВ. Г.
_f1935-
_gВладимир Григорьевич
942 _cBOOK
980 _aNBR
980 _aNB